| 000 | 00866nam a22002057a 4500 | ||
|---|---|---|---|
| 008 | 100328s2007 ii|||||r|||| 001 0 eng d | ||
| 020 | _a8126510757 | ||
| 020 | _a9788126510757 | ||
| 082 |
_222 _a006.3 _bSIV |
||
| 100 |
_913249 _aSivanandam, S. N. |
||
| 245 |
_aPrinciples of Soft Computing/ _cS. N. Sivanandam and S. N. Deepa |
||
| 260 |
_aNew Delhi: _bWIley India, 2007 _c2007 |
||
| 300 |
_a742p.: _bill.; _c24 cm. |
||
| 504 | _aIncludes bibliographical references(p.719-734) and index | ||
| 650 |
_913248 _aSoft computing |
||
| 700 |
_913247 _aDeepa, S. N. |
||
| 942 |
_2ddc _cBB |
||
| 999 |
_c13812 _d13812 |
||